000 00691nam a2200241 i 4500
001 172667
003 ES-MaACL
005 20250710062734.0
007 t|
008 090812s1978 fr ||||1| fre d
080 _a785.6(023)
100 1 _aFerchault, Guy.
_949276
245 1 3 _aLe concerto /
_cGuy Ferchault.
250 _a1re éd.
260 _aParis :
_bPresses Universitaires de France,
_c1978.
300 _a127 p. ;
_c18 cm.
490 1 _aQue sais-je? ;
_v1717
500 _aÍndice.
650 4 _aConciertos.
_915409
830 0 0 _aQue sais-je?
_v1717
_9180931
852 4 _aES-MaACL
_jE-12986
_9R.139149
_z. - Biblioteca Jacinto Martínez Lacalle
999 _c172667
_d172667